Museo Barracco : arte egizia /

محفوظ في:

مؤلف مشترك: Museo di scultura antica Giovanni Barracco.

مؤلفون آخرون: Sist, Loredana

التنسيق: كتاب

اللغة: Italian

منشور في: Roma : Istituto Poligrafico e Zecca dello Stato, Libreria dello Stato, 1996.

سلاسل: Quaderno (Istituto poligrafico e Zecca dello Stato) ; 3.

الموضوعات:

الوسوم: إضافة وسم

لا توجد وسوم, كن أول من يضع وسما على هذه التسجيلة!

رقم الطلب: DT59 .R85 M8746 1996

LEADER 01338namaa2200337 4500
001 23156
003 OSt
005 20220129062513.0
008 130303s1996 it a g c 000 0 ita d
952 |0 0  |1 0  |2 lcc  |4 0  |6 DT0059 R85 M8746 01996  |7 1  |9 32658  |a ARCE  |b ARCE  |d 2022-01-29  |l 0  |o DT59 .R85 M8746 1996  |p 1014567  |r 2022-01-29 00:00:00  |w 2022-01-29  |y BK 
999 |c 20355  |d 20355 
020 |a 8824038492 
040 |c ARCE Library 
043 |a e-it--- 
050 4 |a DT59 .R85 M8746 1996 
245 0 0 |a Museo Barracco :   |b arte egizia /  |c [a cura di] Loredana Sist. 
264 1 |a Roma :   |b Istituto Poligrafico e Zecca dello Stato, Libreria dello Stato,   |c 1996. 
300 |a 127 pages :   |b illustrations ;   |c 24 cm. 
490 1 |a Quaderno (Istituto poligrafico e Zecca dello Stato) ;   |v 3. 
500 |a At head of title: Comune di Roma, Assessorato alle politiche culturali. 
500 |a Contains bibliographical references and indices. 
610 2 0 |a Museo Barracco   |v Catalogs. 
650 0 |a Art  |z Egypt  |v catalog. 
650 0 |a Sculpture, Egyptian   |v Catalogs. 
650 0 |a Sculpture   |z Italy   |z Rome   |v Catalogs. 
700 1 |a Sist, Loredana,   |9 40162 
710 2 |a Museo di scultura antica Giovanni Barracco. 
730 0 |a Arte egizia. 
830 0 |a Quaderno (Istituto poligrafico e Zecca dello Stato) ;   |v 3. 
901 |a reviewed 
942 |c BK  |2 lcc